History Quiz

Random History or Century Quiz

15th Century Match-up Quiz Stats

 Plays Quiz Updated Dec 10, 2015

Challenge
Share
Tweet
Score 0/25 Timer 06:00
12 Plays Today
% Correct
Christopher
98.6%
Leonardo
98.5%
Joan of
98.2%
Spanish
96.5%
Forbidden
95.7%
Machu
95.4%
Pope
94%
Silk
93.9%
Vlad
92.8%
Vasco
88.5%
Gutenberg
85.9%
Hanseatic
78.2%
Zheng
77.7%
% Correct
Golden
76.5%
Jan
70.7%
Cosimo
62.2%
Sandro
57.2%
Mehmed
54%
Filippo
47.1%
Kazan
46.9%
Margaret
41.6%
Bartolomeu
37.9%
Guillaume
33.6%
Matthias
23.6%
Joseph
17.7%

You're not logged in!

Compare scores with friends on all Sporcle quizzes.
OR
Log In

You Might Also Like...

Show Comments

Extras

Top Quizzes Today


Score Distribution

Your Account Isn't Verified!

In order to create a playlist on Sporcle, you need to verify the email address you used during registration. Go to your Sporcle Settings to finish the process.

Report this User

Report this user for behavior that violates our Community Guidelines.

Details: